LEADER 01397nam a2200361 i 4500 001 991001266249707536 005 20020507190305.0 008 971023s1994 us ||| | eng 020 $a1556156588 035 $ab10823669-39ule_inst 035 $aLE01309593$9ExL 040 $aDip.to Matematica$beng 082 0 $a005.75 084 $aAMS 68N99 084 $aCR D.4.9 084 $aQA76.76.W56M56323 110 2 $aMicrosoft corporation$0288066 245 10$aProgrammer's reference :$bMicrosoft Open Database Connectivity software development kit, version 2.0 :$bfor Microsoft Windows and Windows NT operating systems 260 $aRedmond, Wash. :$bMicrosoft Press,$cc1994 300 $axvii, 713, 95 p. :$bill. ;$c23 cm. 490 0 $aMicrosoft professional editions 500 $aCover title: Microsoft ODBC 2.0 programmers's reference and SDK guide. 500 $aIncludes indexes 650 4$aMicrosoft Windows (Computer file) 650 4$aMicrosoft Windows NT 650 4$aODBC 740 0 $aMicrosoft ODBC 2.0 programmer's reference and SDK guide 907 $a.b10823669$b23-02-17$c28-06-02 912 $a991001266249707536 945 $aLE013 68N MIC13 (1994)$g1$i2013000090993$lle013$o-$pE0.00$q-$rl$s- $t0$u0$v0$w0$x0$y.i10931272$z28-06-02 996 $aProgrammer's reference$9924189 997 $aUNISALENTO 998 $ale013$b01-01-97$cm$da $e-$feng$gus $h0$i1 LEADER 01454oam 2200445zu 450 001 9910164744403321 005 20210807002057.0 010 $a0-8031-4769-4 035 $a(CKB)3170000000045084 035 $a(SSID)ssj0001489777 035 $a(PQKBManifestationID)11826010 035 $a(PQKBTitleCode)TC0001489777 035 $a(PQKBWorkID)11458858 035 $a(PQKB)11000576 035 $a(NjHacI)993170000000045084 035 $a(EXLCZ)993170000000045084 100 $a20160829d1980 uy 101 0 $aeng 135 $aur||||||||||| 181 $ctxt 182 $cc 183 $acr 200 00$aEffluent and Environmental Radiation Surveillance 210 31$a[Place of publication not identified]$cAmerican Society for Testing & Materials$d1980 215 $a1 online resource (364 pages) 225 1 $aASTM special technical publication ;$v698 300 $aBibliographic Level Mode of Issuance: Monograph 311 $a0-8031-0329-8 410 0$aASTM special technical publication ;$v698. 606 $aRadioactive pollution$xMeasurement$vCongresses 606 $aRadioactive waste disposal$vCongresses 615 0$aRadioactive pollution$xMeasurement 615 0$aRadioactive waste disposal 676 $a363.7/28 702 $aKelly$b J. J 801 0$bPQKB 906 $aBOOK 912 $a9910164744403321 996 $aEffluent and Environmental Radiation Surveillance$92206738 997 $aUNINA